Medical Microbiology for Nurses : Including parasitology (Record no. 157858)

MARC details
000 -LEADER
fixed length control field 00374nam a2200133Ia 4500
008 - FIXED-LENGTH DATA ELEMENTS--GENERAL INFORMATION
fixed length control field 230411s9999 xx 000 0 und d
041 ## - LANGUAGE CODE
Language code of text/sound track or separate title eng
082 ## - DEWEY DECIMAL CLASSIFICATION NUMBER
Classification number M/616.01/ANT/B07773
100 ## - MAIN ENTRY--PERSONAL NAME
Personal name Anthikad Jacob
245 ## - TITLE STATEMENT
Title Medical Microbiology for Nurses : Including parasitology
260 ## - PUBLICATION, DISTRIBUTION, ETC. (IMPRINT)
Name of publisher, distributor, etc. Jaypee Brothers
Place of publication, distribution, etc. New Delhi
Date of publication, distribution, etc. 2013
300 ## - PHYSICAL DESCRIPTION
Extent 212p
Holdings
Withdrawn status Lost status Damaged status Not for loan Collection code Home library Current library Date acquired Vendor Cost, normal purchase price Bill number Total Checkouts Full call number Barcode Date last seen Cost, replacement price Bill Date Koha item type Original Barcode
          Smt. Bakul Tambat Institute of Nursing Education Smt. Bakul Tambat Institute of Nursing Education 25/11/2014 Jaypee Brothers Medical Publishers 250.00 I-176   M 616.01 ANT B07773 BTIN-BK-7773 11/04/2023 182.00 25/11/2014 Books B07773